000 01610cam a22004457a 4500
001 000092978
003 CHAP
005 20220329142913.0
008 050126d2004 mx abd r 00110 spa d
010 _a89444
011 _a90416
035 _a100972
040 _cCHAP
090 _aTesis
100 0 0 _aYescas Vásquez, César.
_9123094
245 1 0 _aZonificación agroclimática de la Sierra Norte de Oaxaca /
_c/por César Yescas Vásquez.
260 _aChapingo, Méx. :
_bEl autor,
_c2004.
300 _a90 h. :
_bilus. ; gráfs. ; mapas ; cuadros ; anexos.
502 _aTesis (Ing. en Irrigación) -- UACH. Departamento de Irrigación
590 _aALEPH
_b10
_c20130110
_lUCH01
_h1503
590 _aBATCH-UPD
_b10
_c20130110
_lUCH01
_h1034
590 _aBATCH-UPD
_b10
_c20130410
_lUCH01
_h0636
590 _aBATCH-UPD
_b10
_c20130913
_lUCH01
_h2155
590 _aBATCH-UPD
_b10
_c20140324
_lUCH01
_h1448
590 _aBATCH-UPD
_b10
_c20141002
_lUCH01
_h0825
590 _aCONVERSION
_b10
_c20130109
_lUCH01
_h1350
590 _aE12093SGE
_b10
_c20130620
_lUCH01
_h1109
650 1 4 _aAgricultura de temporal.
_91999
650 1 4 _aClima
_zOaxaca.
_923855
650 1 4 _aCultivos y clima.
_930392
650 1 4 _aCultivos
_xZonas de.
_930340
650 1 4 _aMeteorología agrícola.
_975217
856 _3Finding aid
_uhttp://10.13.5.2/tesis/100972.pdf
_zTeclea aquí
901 _aBK
905 _aMarco A. Mendoza T.
942 _cCD
942 _n0
949 _aTesis
_bBC
_cTES
_d1009721
_eTS1
_gDonaciØn
_h43427
_i100972
_sb
949 _aTesis
_bBC
_cTES
_d33724000943726
_eTS2
_fc.2
_gDonaciØn
_h43428
_i100972
_si
999 _c89444
_d89444